Drapeaux d'Asie - Quiz - Statistiques

Statistiques générales
  • Ce quiz a été pris 121 573 fois
  • Le résultat moyen est 35 sur 48
Statistiques - réponses
Par images Réponse % Correct
Chine
100%
Corée du Sud
97%
Japon
97%
Israël
96%
Inde
95%
Chypre
93%
Turquie
93%
Viêt Nam
93%
Liban
90%
Arabie Saoudite
89%
Népal
89%
Bangladesh
83%
Qatar
83%
Corée du Nord
82%
Géorgie
82%
Cambodge
81%
Iran
81%
Pakistan
81%
Irak
77%
Bhoutan
76%
Sri Lanka
76%
Indonésie
75%
Malaisie
75%
Thaïlande
75%
Kazakhstan
74%
Laos
74%
Singapour
74%
Arménie
71%
Syrie
68%
Philippines
66%
Azerbaïdjan
64%
Émirats arabes unis
64%
Afghanistan
63%
Ouzbékistan
63%
Mongolie
62%
Birmanie
61%
Taïwan
61%
Turkménistan
61%
Jordanie
60%
Yémen
59%
Bahreïn
57%
Kirghizistan
55%
Koweït
52%
Maldives
52%
Brunei
49%
Oman
49%
Tadjikistan
45%
Timor oriental
45%
Aucun quiz correspondant
Distribution des résultats
% des personnes avec chaque résultat
Percentile par nombre de réponses
Votre historique - résultats
Vous n’avez pas pris ce quiz